María, nueva Eva según las escrituras (Record no. 57755)

MARC details
000 -LEADER
campo de control de longitud fija 00747nam a2200217 i 4500
001 - NÚMERO DE CONTROL
campo de control 57755
003 - IDENTIFICADOR DE NÚMERO DE CONTROL
campo de control ES-MaACL
005 - FECHA Y HORA DE LA ÚLTIMA TRANSACCIÓN
campo de control 20230906163636.0
007 - CAMPO FIJO DE DESCRIPCIÓN FÍSICA--INFORMACIÓN GENERAL
campo de control de longitud fija t|
008 - DATOS DE LONGITUD FIJA--INFORMACIÓN GENERAL
campo de control de longitud fija 031017s1959 sp ||||1| spa d
100 1# - ENTRADA PRINCIPAL--NOMBRE DE PERSONA
Nombre de persona Dubarle, André-Marie.
9 (RLIN) 45742
245 10 - MENCIÓN DEL TÍTULO
Título María, nueva Eva según las escrituras
Resto del título : (los fundamentos del dogma de la Asunción) /
Mención de responsabilidad, etc. André-Marie Dubarle ; traducción y presentación de Alberto Colao.
260 ## - PUBLICACIÓN, DISTRIBUCIÓN, ETC.
Lugar de publicación, distribución, etc. [Cartagena] :
Nombre del editor, distribuidor, etc. Athenas,
Fecha de publicación, distribución, etc. [1959] (
Fabricante Marín)
300 ## - DESCRIPCIÓN FÍSICA
Extensión 117 p. ;
Dimensiones 21 cm.
490 1# - MENCIÓN DE SERIE
Mención de serie Lectio Theologica ;
Designación de volumen o secuencia 6
650 04 - PUNTO DE ACCESO ADICIONAL DE MATERIA--TÉRMINO DE MATERIA
Término de materia o nombre geográfico como elemento de entrada Mariología.
9 (RLIN) 14794
700 1# - ENTRADA AGREGADA--NOMBRE PERSONAL
Nombre de persona Colao, Alberto.
9 (RLIN) 39546
830 0# - PUNTO DE ACCESO ADICIONAL DE SERIE-TÍTULO UNIFORME
Título uniforme Lectio Theologica ;
Designación de volumen o secuencia 6
9 (RLIN) 230444
852 ## - LOCALIZACIÓN
Ubicación ES-MaACL
Número de control de estantería C-16277
Sublocalización o colección R.44525
Holdings
Estatus retirado Estado de pérdida Estado de daño No para préstamo Biblioteca de origen Biblioteca actual Ubicación en estantería Fecha de adquisición Fuente de adquisición Total de préstamos Signatura topográfica completa Código de barras Visto por última vez Precio de reemplazo Tipo de ítem Koha
        Biblioteca del Ateneo de Madrid Biblioteca del Ateneo de Madrid Galería 17/01/2008     C-16277 1060624 23/02/2023 23/02/2023 Libro impreso